00558 a2200121 4500082001600000100002000016245016900036260006700205300002900272650002400301999001500325952009600340 a363.125 BOB aBobevski, Irene aGeneralised Linear Modelling of Crashes and Injury Severity in the Context of the Speed Related Initiatives in Victoria During 2000-2002 /cIrene Bobevski...[et al] aAustralia :bMonash University Accident Research Centre,c2007 ax, 94p. :bill. ;c30 cm aCrash Models, Speed c2188d2188 00104070aNITbNITcCEd0000-00-00l0o363.125 BOBpNIT-3487 r2017-01-05w2017-01-05yBK